Statistics for World Map 30 X 32 Puzzle - by World Capitals together with one of the 5 Closest Capitals

Click here to take the quiz!

General Stats

  • This quiz has been taken 228 times
  • The average score is 57 of 128

Answer Stats

Piece % Correct
89%
83%
81%
78%
77%
77%
76%
76%
74%
74%
72%
72%
72%
71%
71%
70%
69%
69%
68%
66%
66%
65%
63%
63%
63%
63%
63%
62%
62%
61%
61%
61%
61%
60%
59%
59%
59%
58%
58%
54%
54%
54%
54%
53%
53%
52%
52%
52%
52%
52%
51%
49%
49%
47%
46%
46%
46%
45%
45%
44%
44%
44%
43%
42%
42%
41%
41%
41%
40%
38%
38%
38%
38%
38%
37%
37%
37%
37%
37%
37%
37%
37%
36%
35%
34%
34%
33%
32%
31%
31%
30%
30%
29%
28%
28%
28%
28%
27%
27%
27%
27%
26%
25%
24%
24%
24%
24%
24%
24%
23%
22%
21%
20%
20%
19%
19%
18%
18%
17%
17%
17%
16%
16%
15%
15%
15%
13%
6%

Score Distribution

Percentile by Number Answered

Percent of People with Each Score

Your Score History

You have not taken this quiz